Statystyki dla Imiona męskie na H

Kliknij tutaj aby rozwiązać quiz!

Ogólne statystyki

  • Ten quiz został rozwiązany 394 razy
  • Średni wynik to 3 z 7

Statystyki odpowiedzi

HintOdpowiedź% Poprawnych
6-literoweHenryk
89%
6-literoweHubert
79%
8-literoweHieronim
37%
7-literoweHiacynt
28%
4-literoweHugo
27%
7-literoweHipolit
18%
6-literoweHektor
10%

Rozkład punktacji

Percentyl według liczby udzielonych odpowiedzi

Procent ludzi z każdym wynikiem

Twoja historia wyników

Nie rozwiązałeś tego quizu